[Event "16th Sants Open 2014"]
[Site "Barcelona ESP"]
[Date "2014.08.29"]
[Round "8.45"]
[White "Martin Perez, Laura"]
[Black "Diaz Camallonga, Carles"]
[Result "0-1"]
[WhiteElo "2045"]
[BlackElo "2261"]
[WhiteFideId "22244735"]
[BlackFideId "22235256"]
[EventDate "2014.08.22"]

1. d4 e6 2. Nf3 Nf6 3. Bg5 c5 4. c3 b6 5. Qc2 Bb7 6. Nbd2 d5 7. e3 Be7 8. Bd3 h6
9. Bh4 Nc6 10. O-O O-O 11. Rfe1 Nd7 12. Bxe7 Qxe7 13. a3 f5 14. b4 c4 15. Bf1
Qf6 16. g3 Rae8 17. Bg2 g5 18. a4 a5 19. bxa5 Nxa5 20. Rab1 Bc6 21. Rb4 Ra8 22.
Reb1 Nb7 23. Ne5 Nxe5 24. dxe5 Qxe5 25. Nxc4 Qc7 26. Nxb6 Rad8 27. Qa2 Nc5 28.
a5 Rf7 29. Rd1 Ne4 30. Rc1 f4 31. exf4 gxf4 32. Qe2 Qe7 33. Rbb1 Kh8 34. g4 Qf6
35. Qd3 f3 36. Bxf3 Qxf3 37. Qxf3 Rxf3 38. c4 Rg8 39. h3 d4 40. a6 Rxh3 41. Kg2
Ng5+ 0-1

[Event "16th Sants Open 2014"]
[Site "Barcelona ESP"]
[Date "2014.08.29"]
[Round "8.46"]
[White "Cori T., Deysi"]
[Black "Martinez Gutierrez, Bernard"]
[Result "1-0"]
[WhiteTitle "WGM"]
[WhiteElo "2422"]
[BlackElo "2061"]
[WhiteFideId "3801934"]
[BlackFideId "2229188"]
[EventDate "2014.08.22"]

1. d4 f5 2. c4 Nf6 3. Nc3 g6 4. h4 Bg7 5. h5 Nxh5 6. e4 e5 7. Rxh5 gxh5 8. Qxh5+
Kf8 9. Nd5 c6 10. Bg5 Qa5+ 11. b4 cxd5 12. bxa5 1-0

[Event "16th Sants Open 2014"]
[Site "Barcelona ESP"]
[Date "2014.08.29"]
[Round "8.47"]
[White "Sanchez Enriquez, Oscar Gerardo"]
[Black "Garcia Castellote, Oscar"]
[Result "1-0"]
[WhiteTitle "FM"]
[WhiteElo "2374"]
[BlackElo "2058"]
[WhiteFideId "5106311"]
[BlackFideId "2278898"]
[EventDate "2014.08.22"]

1. d4 Nf6 2. Nc3 d5 3. Bg5 g6 4. f3 c5 5. e4 dxe4 6. dxc5 Qa5 7. Qd2 Bg7 8. Nxe4
Qxd2+ 9. Nxd2 Nfd7 10. O-O-O Nxc5 11. Nb3 Nxb3+ 12. axb3 Nc6 13. Bb5 Bd7 14. Ne2
O-O-O 15. Rhe1 Rhe8 16. Nc3 Nd4 17. Bc4 Be6 18. Bxe6+ Nxe6 19. Rxd8+ Kxd8 20.
Be3 Bxc3 21. bxc3 Kc7 22. Kb2 Rd8 23. c4 Kc6 24. Kc3 a6 25. Bf2 Rd7 26. g4 b6
27. h4 Nc5 28. Rh1 e6 29. h5 Rd8 30. Be3 Rd7 31. hxg6 hxg6 32. Rh8 f5 33. Rg8
fxg4 34. fxg4 Ne4+ 35. Kb2 g5 36. Rb8 Rb7 37. Re8 Kd6 38. Rd8+ Ke5 39. Rc8 1-0

[Event "16th Sants Open 2014"]
[Site "Barcelona ESP"]
[Date "2014.08.29"]
[Round "8.48"]
[White "Midoux, Sebastien"]
[Black "Prats Rodriguez, Juan Bosco"]
[Result "1-0"]
[WhiteElo "2368"]
[BlackElo "2050"]
[WhiteFideId "611140"]
[BlackFideId "2221411"]
[EventDate "2014.08.22"]

1. d4 d6 2. c4 e5 3. d5 f5 4. e4 fxe4 5. Nc3 Nf6 6. Nge2 Na6 7. Ng3 Nc5 8. Be3
a5 9. Bxc5 dxc5 10. Ncxe4 Bd6 11. Bd3 O-O 12. Qc2 g6 13. h4 Nxe4 14. Bxe4 Qf6
15. h5 Bf5 16. hxg6 hxg6 17. O-O-O Bxe4 18. Nxe4 Qf4+ 19. Kb1 Rf5 20. g4 Qxg4
21. Rdg1 Qf4 22. Rxg6+ Kf7 23. Rxd6 cxd6 24. Nxd6+ Kf6 25. Nxf5 Qxf5 26. Rh6+ 1-0

[Event "16th Sants Open 2014"]
[Site "Barcelona ESP"]
[Date "2014.08.29"]
[Round "8.49"]
[White "Vidarte Morales, Arturo"]
[Black "Skutta, Bernd"]
[Result "1-0"]
[WhiteTitle "IM"]
[WhiteElo "2326"]
[BlackElo "2048"]
[WhiteFideId "3800253"]
[BlackFideId "4666950"]
[EventDate "2014.08.22"]

1. e4 d6 2. d4 Nf6 3. f3 e5 4. Ne2 exd4 5. Nxd4 Be7 6. c4 O-O 7. Nc3 c6 8. Be3
d5 9. cxd5 cxd5 10. e5 Nfd7 11. f4 Nc5 12. Be2 Nc6 13. Bf3 Be6 14. O-O Qb6 15.
Qd2 Rad8 16. f5 Nxd4 17. Bxd4 Bxf5 18. Nxd5 Qe6 19. Nxe7+ Qxe7 20. Qb4 b6 21.
Rac1 Rb8 22. Bxc5 bxc5 23. Qxc5 Qxc5+ 24. Rxc5 Rxb2 25. Ra5 a6 26. h3 Re8 27.
Rd1 Rb5 28. Rxb5 axb5 29. Bc6 Rb8 30. Bxb5 Kf8 31. a4 Ra8 32. Kf2 Ke7 33. Ke3 h6
34. Ra1 Ke6 35. a5 Kxe5 36. Bc6 Ra7 37. a6 Bc8 38. Bb5 Kd5 39. Bd3 Kd6 40. Kd4
Bd7 41. Rb1 Bc6 42. g3 Rd7 43. Bc4 Re7 44. Bd3 Rd7 45. Bf5 Re7 46. Ra1 Ra7 47.
Bd3 f6 48. Ra3 Bg2 49. h4 Bd5 50. Ra5 Bc6 51. Bc4 Bf3 52. Bd3 Bc6 53. Ra2 Bf3
54. Ra3 Bd5 55. Be4 Bxe4 56. Kxe4 g6 57. Kd4 h5 58. Kc4 Kc6 59. Rf3 Rf7 60. a7
Kb7 61. Kd5 f5 62. Ke6 Rc7 63. Ra3 Ka8 64. Kf6 Rc6+ 65. Kg5 Rb6 66. Kh6 Rc6 67.
Re3 Kxa7 68. Re7+ Kb6 69. Rg7 Rc3 70. Rxg6+ Kc7 71. Kxh5 Kd7 72. Kh6 Ke7 73. Kg7
Ke8 74. h5 Rc7+ 75. Kg8 Rc8 76. h6 Ke7+ 77. Kg7 1-0

[Event "16th Sants Open 2014"]
[Site "Barcelona ESP"]
[Date "2014.08.29"]
[Round "8.50"]
[White "Gurrutxaga Telleria, Jose Luis"]
[Black "Pogan, Nikolas"]
[Result "0-1"]
[BlackTitle "FM"]
[WhiteElo "2082"]
[BlackElo "2313"]
[WhiteFideId "2250578"]
[BlackFideId "24673579"]
[EventDate "2014.08.22"]

1. d4 Nf6 2. c4 g6 3. Nc3 Bg7 4. e4 d6 5. f4 O-O 6. Nf3 c5 7. d5 e6 8. Be2 exd5
9. cxd5 Re8 10. e5 Nfd7 11. exd6 Nf6 12. Nb5 Qa5+ 13. Kf1 Na6 14. Ne5 Nd7 15.
Nc4 Qd8 16. h4 Nf6 17. g3 Ne4 18. Kg2 Bd7 19. Ne5 Bf5 20. g4 Bd7 21. a3 Bf8 22.
Nc4 Bxb5 23. h5 Nxd6 24. hxg6 fxg6 25. b3 Bg7 26. Ra2 Ne4 27. Ne5 Nc3 0-1

[Event "16th Sants Open 2014"]
[Site "Barcelona ESP"]
[Date "2014.08.29"]
[Round "8.51"]
[White "Piepho, Niels"]
[Black "Sollid, Stein"]
[Result "1-0"]
[WhiteElo "2293"]
[BlackElo "2044"]
[WhiteFideId "4624262"]
[BlackFideId "1503057"]
[EventDate "2014.08.22"]

1. Nf3 d5 2. g3 Nf6 3. Bg2 e6 4. O-O Be7 5. d3 O-O 6. Nbd2 c5 7. e4 Nc6 8. Re1
b5 9. e5 Nd7 10. Nf1 Nb6 11. h4 f5 12. exf6 Bxf6 13. Ne3 e5 14. Nh2 Be6 15. c4
bxc4 16. dxc4 Nd4 17. Nhg4 Rc8 18. cxd5 Nxd5 19. Bd2 Qd7 20. Be4 Rb8 21. b3 Nb4
22. Bxb4 Rxb4 23. Rc1 Rc8 24. Nxf6+ gxf6 25. Rc3 f5 26. Bg2 f4 27. Nc2 Nxc2 28.
Qxc2 Bf5 29. Qe2 e4 30. gxf4 Kh8 31. Rc4 Rg8 32. Qb2+ Rg7 33. Rxc5 Kg8 34. Qc3
Rb7 35. Rc1 h6 36. Qc4+ Kf8 37. Kf1 Rxg2 38. Kxg2 Bh3+ 39. Kh2 Bg4 40. Rc7 1-0

[Event "16th Sants Open 2014"]
[Site "Barcelona ESP"]
[Date "2014.08.29"]
[Round "8.52"]
[White "Kvisvik, Brede"]
[Black "Serrano Aspa, Pedro"]
[Result "1-0"]
[WhiteTitle "FM"]
[WhiteElo "2290"]
[BlackElo "2047"]
[WhiteFideId "1502999"]
[BlackFideId "2226553"]
[EventDate "2014.08.22"]

1. d4 d5 2. c4 e6 3. Nf3 Nf6 4. g3 c6 5. Bg2 Nbd7 6. O-O Bd6 7. Nfd2 O-O 8. Nc3
b6 9. e4 Nxe4 10. Ndxe4 dxe4 11. Nxe4 Bb8 12. Nf6+ Nxf6 13. Bxc6 Qc7 14. Bxa8
Bb7 15. Bxb7 Qxb7 16. b3 h6 17. Qe2 Rd8 18. Be3 Qe4 19. f3 Qg6 20. Bf2 h5 21.
Rad1 h4 22. g4 Qg5 23. Be3 Qa5 24. Qf2 h3 25. Rd2 Qc3 26. Rfd1 1-0

[Event "16th Sants Open 2014"]
[Site "Barcelona ESP"]
[Date "2014.08.29"]
[Round "8.53"]
[White "Ayala Abenza, Jose Luis"]
[Black "Delorme, Alban"]
[Result "0-1"]
[BlackTitle "FM"]
[WhiteElo "2056"]
[BlackElo "2280"]
[WhiteFideId "2255294"]
[BlackFideId "623636"]
[EventDate "2014.08.22"]

1. d4 Nf6 2. Nf3 e6 3. e3 b6 4. Bd3 Bb7 5. Nbd2 c5 6. O-O Be7 7. b3 O-O 8. Bb2
d5 9. Ne5 Nbd7 10. f4 Ne4 11. Rf3 f6 12. Nxd7 Qxd7 13. Rh3 g6 14. Qe2 Nxd2 15.
Qxd2 Rac8 16. Qe2 Bd6 17. Rf1 Qc7 18. Qg4 f5 19. Qh4 c4 20. bxc4 dxc4 21. Bxc4
Bd5 22. Bd3 Rf7 23. g4 Bxa2 24. gxf5 exf5 25. Rg3 Be7 26. Qh3 Bc4 27. d5 Bf6 28.
d6 Qxd6 29. Qxf5 Rc5 30. Ba3 Rxf5 31. Bxd6 Bxd3 32. cxd3 Rd5 33. Bb8 Rd8 0-1

[Event "16th Sants Open 2014"]
[Site "Barcelona ESP"]
[Date "2014.08.29"]
[Round "8.55"]
[White "Erlandsen, Carsten"]
[Black "Lemeaux, David"]
[Result "0-1"]
[WhiteElo "2040"]
[BlackElo "2267"]
[WhiteFideId "1402536"]
[BlackFideId "613843"]
[EventDate "2014.08.22"]

1. d4 Nf6 2. c4 e6 3. Nf3 d5 4. e3 Be7 5. Bd3 O-O 6. O-O b6 7. cxd5 exd5 8. Ne5
Bb7 9. Nd2 Nbd7 10. Ndf3 Ne4 11. b3 Bd6 12. Bb2 f6 13. Nxd7 Qxd7 14. Qc2 Rad8
15. a4 Qe7 16. Qc1 Rc8 17. Qb1 Rfe8 18. Ra2 c6 19. Ba1 Qf7 20. Nd2 Qh5 21. h3
Ng5 22. Qd1 Nxh3+ 23. gxh3 Qxh3 24. f4 Qxe3+ 0-1

[Event "16th Sants Open 2014"]
[Site "Barcelona ESP"]
[Date "2014.08.29"]
[Round "8.56"]
[White "Madiai, Federico"]
[Black "Voloshin, Pavel"]
[Result "1-0"]
[WhiteElo "2234"]
[BlackElo "2015"]
[WhiteFideId "836230"]
[BlackFideId "24168017"]
[EventDate "2014.08.22"]

1. e4 e6 2. d4 d5 3. Nd2 c5 4. Ngf3 cxd4 5. Nxd4 Nf6 6. exd5 Qxd5 7. Nb5 Na6 8.
Nc3 Qd8 9. a3 Be7 10. Qf3 Nc7 11. Bd3 O-O 12. O-O Ncd5 13. Nde4 Nxe4 14. Nxe4 f5
15. Ng3 Nb6 16. Bf4 Qd5 17. Qe2 Bf6 18. Rfd1 Qd4 19. Bc1 Qh4 20. Nh5 g6 21.
Nxf6+ Qxf6 22. c4 Bd7 23. b3 h5 24. Bb2 Qf7 25. Qe5 Kh7 26. Rac1 Rae8 27. Qa5
Nc8 28. Bb1 b6 29. Qe5 Bc6 30. a4 Rd8 31. h3 Rxd1+ 32. Rxd1 Re8 33. Bc2 Qe7 34.
Rd2 h4 35. Qf4 g5 36. Qe5 Kh6 37. Re2 1-0

[Event "16th Sants Open 2014"]
[Site "Barcelona ESP"]
[Date "2014.08.29"]
[Round "8.57"]
[White "Degro, Heiko"]
[Black "Nordenbaek, Jan"]
[Result "1/2-1/2"]
[WhiteElo "2041"]
[BlackElo "2228"]
[WhiteFideId "24666122"]
[BlackFideId "1401475"]
[EventDate "2014.08.22"]

1. d4 d5 2. c4 c6 3. cxd5 cxd5 4. Nf3 Nc6 5. Nc3 Nf6 6. Bf4 a6 7. e3 Bg4 8. Be2
e6 9. h3 Bxf3 10. Bxf3 Bd6 11. Bxd6 Qxd6 12. O-O O-O 13. Qd2 Rfc8 14. Rfc1 b5
15. Rab1 Rc7 16. a3 Nd7 17. e4 Nb6 18. exd5 exd5 19. Rd1 Re7 20. Qg5 h6 21. Qg3
Qxg3 22. fxg3 Rd8 23. Kf2 Rd6 24. Rd3 Kf8 25. b3 Ke8 26. g4 Nd8 27. Nd1 Ne6 28.
Rc1 Kd7 29. Ne3 g6 30. h4 Rc6 31. Rxc6 Kxc6 32. Rc3+ Kd6 33. Nc2 Ra7 34. Ke2 Re7
35. Kf2 Rb7 36. Ke3 a5 37. g3 Nc7 38. Rc5 Nd7 39. Rc3 Rb8 40. Kd2 Ne6 41. Re3
Nb6 42. Re1 Rc8 43. Re3 a4 44. Bd1 Nd7 45. Rc3 Ra8 46. bxa4 bxa4 47. Kd3 Nc7 48.
Nb4 Nb8 49. Rc5 Nba6 50. Rc6+ Kd7 51. Rb6 Nxb4+ 52. Rxb4 Ne6 53. Rxa4 Rc8 54.
Ra7+ Ke8 55. Ba4+ Kf8 56. Bd7 Rc1 57. Bxe6 fxe6 58. Ke3 g5 59. hxg5 hxg5 60.
Ra8+ Kf7 61. Ra7+ Kg6 62. Ra4 Rc3+ 63. Kf2 Rc2+ 64. Kf3 Rc3+ 65. Kf2 Rc2+ 66.
Kf3 Rc3+ 67. Kf2 Rc2+ 68. Kf3 1/2-1/2

[Event "16th Sants Open 2014"]
[Site "Barcelona ESP"]
[Date "2014.08.29"]
[Round "8.58"]
[White "Dalo, Hermes"]
[Black "Prats Alonso, Oscar"]
[Result "1-0"]
[WhiteTitle "CM"]
[WhiteElo "2221"]
[BlackElo "2002"]
[WhiteFideId "3902544"]
[BlackFideId "22200711"]
[EventDate "2014.08.22"]

1. d4 Nf6 2. c4 g6 3. Nc3 Bg7 4. e4 d6 5. Nf3 O-O 6. h3 e5 7. d5 a5 8. g4 Na6 9.
Be3 Nd7 10. Rg1 Ndc5 11. Be2 Bd7 12. h4 h6 13. Qd2 Kh7 14. Rg3 c6 15. O-O-O cxd5
16. exd5 f5 17. gxf5 Bxf5 18. h5 g5 19. Rdg1 Bf6 20. Nh2 b6 21. Ng4 Rg8 22. Rf3
Bxg4 23. Rxg4 Ra7 24. Bd1 Nb4 25. Bxc5 bxc5 26. a3 e4 27. Nxe4 Be5 28. axb4 axb4
29. Qd3 Kh8 30. Bc2 Rf8 31. Nd2 Rxf3 32. Nxf3 Bf4+ 33. Kd1 Qf6 34. Qg6 Qxb2 35.
Qxh6+ Kg8 36. Qg6+ Kf8 37. Rxf4+ gxf4 38. Qxd6+ Kg8 39. Qb8+ 1-0

[Event "16th Sants Open 2014"]
[Site "Barcelona ESP"]
[Date "2014.08.29"]
[Round "8.59"]
[White "Capellades Subirana, Marc"]
[Black "Arus Blanch, Daniel"]
[Result "1/2-1/2"]
[WhiteTitle "FM"]
[WhiteElo "2188"]
[BlackElo "2001"]
[WhiteFideId "2272245"]
[BlackFideId "2234696"]
[EventDate "2014.08.22"]

1. e4 c5 2. Nf3 d6 3. d4 cxd4 4. Nxd4 Nf6 5. Nc3 g6 6. Be3 Bg7 7. Be2 O-O 8. Qd2
Nc6 9. Rd1 Ng4 10. Nxc6 bxc6 11. Bd4 Bxd4 12. Qxd4 Qb6 13. O-O Qxd4 14. Rxd4 Be6
15. Bxg4 c5 16. Ra4 Bxg4 17. Nd5 Kg7 18. Nxe7 Rfe8 19. Nd5 Bd7 20. Ra3 Rxe4 21.
Nb6 Rb8 22. Nxd7 Rb7 23. Nxc5 dxc5 24. Rb3 Rd7 25. Re3 Rxe3 26. fxe3 Rd2 27. Rf2
Rd1+ 28. Rf1 Rd2 29. Rf2 Rd1+ 30. Rf1 Rd2 1/2-1/2

[Event "16th Sants Open 2014"]
[Site "Barcelona ESP"]
[Date "2014.08.29"]
[Round "8.60"]
[White "Roig Grau, Jesus"]
[Black "Flores de Paco, David"]
[Result "1/2-1/2"]
[WhiteElo "2183"]
[BlackElo "1961"]
[WhiteFideId "2229625"]
[BlackFideId "2218844"]
[EventDate "2014.08.22"]

1. d4 Nc6 2. Nf3 e6 3. Bg5 Be7 4. Bxe7 Qxe7 5. Nc3 d6 6. e4 Nf6 7. Bb5 O-O 8. e5
dxe5 9. dxe5 Rd8 10. Qe2 Nd5 11. O-O Nxc3 12. bxc3 Bd7 13. Bd3 Be8 14. Qe4 g6
15. Qe3 b6 16. Qh6 Qf8 17. Qf4 Ne7 18. c4 c5 19. Ng5 Rd4 20. Ne4 Bc6 21. Nf6+
Kh8 22. Qg5 1/2-1/2

[Event "16th Sants Open 2014"]
[Site "Barcelona ESP"]
[Date "2014.08.29"]
[Round "8.61"]
[White "Redondo Arguelles, Graciela"]
[Black "Mende, Andreas"]
[Result "0-1"]
[WhiteTitle "WFM"]
[BlackTitle "CM"]
[WhiteElo "2007"]
[BlackElo "2148"]
[WhiteFideId "2219824"]
[BlackFideId "4631102"]
[EventDate "2014.08.22"]

1. e4 c5 2. c3 Nf6 3. d3 d6 4. Nf3 g6 5. Bg5 Bg7 6. Qd2 h6 7. Be3 Nc6 8. Na3 a6
9. Be2 e5 10. h3 Be6 11. Nh2 Qd7 12. f4 exf4 13. Bxf4 d5 14. e5 Ng8 15. Nf3 g5
16. Bh2 Nge7 17. g4 Ng6 18. d4 Bf8 19. Nc2 b5 20. a4 bxa4 21. Qe3 c4 22. Rxa4
Nxd4 23. Ncxd4 Qxa4 24. O-O Bc5 25. Kh1 Rb8 26. Qd2 Qa2 27. Nxe6 fxe6 28. Qc2
Ne7 29. Rb1 Kd7 30. Bd1 Rb6 31. Bg1 Bxg1 32. Kxg1 Rhb8 0-1

[Event "16th Sants Open 2014"]
[Site "Barcelona ESP"]
[Date "2014.08.29"]
[Round "8.62"]
[White "Ventura Bolet, Alexandre"]
[Black "Menac Comas, Joan Ramon"]
[Result "0-1"]
[WhiteElo "1943"]
[BlackElo "2147"]
[WhiteFideId "22276092"]
[BlackFideId "2255308"]
[EventDate "2014.08.22"]

1. e4 c5 2. Nf3 Nc6 3. d4 cxd4 4. Nxd4 e5 5. Nb5 a6 6. N5c3 Nf6 7. g3 Bc5 8. Bg2
h6 9. O-O d6 10. Nd5 Nxd5 11. exd5 Ne7 12. Nc3 O-O 13. Rb1 Bf5 14. b4 Ba7 15.
Ne4 Rc8 16. b5 Rc4 17. Qe2 axb5 18. Rxb5 Qc7 19. Rxb7 Qxb7 20. Qxc4 Bxe4 21.
Qxe4 Rc8 22. Qa4 Bc5 23. Be3 Bxe3 24. fxe3 Ra8 25. Qb3 Qa7 26. Rb1 Nf5 27. Kf2
g6 28. Be4 Ne7 29. Rb2 f5 30. Bd3 f4 31. gxf4 exf4 32. Be4 Rf8 33. Bf3 Nf5 34.
Qb6 fxe3+ 35. Ke2 Nd4+ 36. Kxe3 Qe7+ 37. Kxd4 Qe5+ 38. Kc4 Rf4+ 39. Kb3 Rxf3+
40. Ka4 Qxd5 41. Qb5 Qa8+ 42. Qa5 Ra3+ 0-1

[Event "16th Sants Open 2014"]
[Site "Barcelona ESP"]
[Date "2014.08.30"]
[Round "9.1"]
[White "Sandipan, Chanda"]
[Black "Bromberger, Stefan"]
[Result "1/2-1/2"]
[WhiteTitle "GM"]
[BlackTitle "IM"]
[WhiteElo "2619"]
[BlackElo "2510"]
[WhiteFideId "5004225"]
[BlackFideId "4635248"]
[EventDate "2014.08.22"]

1. d4 d5 2. c4 c6 3. Nf3 Nf6 4. Nc3 dxc4 5. a4 Bf5 6. Ne5 Nbd7 7. Nxc4 Qc7 8. g3
e5 9. dxe5 Nxe5 10. Bf4 Nfd7 11. Bg2 g5 12. Nxe5 gxf4 13. Nxd7 O-O-O 14. Qd4
Qxd7 15. Qxf4 Bd6 16. Qc1 Kb8 17. O-O h5 18. h4 Qe6 19. a5 a6 20. Ra4 Bc7 21.
Rd1 Qb3 22. Rad4 Rxd4 23. Rxd4 Be5 24. Qd2 Rc8 25. Na4 Qc2 26. Nb6 Bxd4 27. Qxd4
Re8 28. e4 Bxe4 29. Nd7+ Ka8 30. Nf6 Qb1+ 31. Bf1 c5 32. Qxc5 Bd3 33. Nxe8 Qxf1+
34. Kh2 Be4 35. Nc7+ Kb8 36. Nxa6+ bxa6 37. Qe5+ Ka7 38. Qxe4 Qxf2+ 39. Qg2 Qf5
40. Qe2 Qxa5 41. Qe7+ Kb8 42. Qe8+ Kc7 43. Qxf7+ Kd6 44. Qf6+ Kd7 45. Qg5 Qb4
46. Qxh5 Qxb2+ 47. Kh3 Qf6 48. Qd5+ Ke7 49. Qb7+ Kf8 50. Kg2 Kg8 51. Qf3 Qa1 52.
g4 a5 53. g5 a4 54. Qd5+ Kg7 55. Qd7+ Kg6 56. Qe8+ Kg7 57. Qe7+ Kg6 58. Qe4+ Kh5
59. Qh7+ Kg4 60. Qe4+ Kh5 61. Qh7+ Kg4 62. Qe4+ 1/2-1/2

[Event "16th Sants Open 2014"]
[Site "Barcelona ESP"]
[Date "2014.08.30"]
[Round "9.2"]
[White "Fier, Alexandr"]
[Black "Schroeder, Jan-Christian"]
[Result "1-0"]
[WhiteTitle "GM"]
[BlackTitle "FM"]
[WhiteElo "2570"]
[BlackElo "2367"]
[WhiteFideId "2107139"]
[BlackFideId "24662259"]
[EventDate "2014.08.22"]

1. d4 d5 2. c4 e6 3. Nc3 Be7 4. cxd5 exd5 5. Bf4 c6 6. e3 Bd6 7. Bxd6 Qxd6 8.
Bd3 Nf6 9. h3 b6 10. Nf3 Ba6 11. Bxa6 Nxa6 12. Qa4 Nb8 13. O-O O-O 14. b4 Nbd7
15. b5 Rfc8 16. Rac1 c5 17. dxc5 Nxc5 18. Qb4 Nce4 19. Qb2 Rc4 20. Nxe4 Nxe4 21.
Rfd1 Qc5 22. Rxc4 dxc4 23. Qd4 Qxd4 24. Rxd4 Nc3 25. Rxc4 Nxb5 26. Rc6 Rd8 27.
a4 Nd6 28. Nd4 Kf8 29. Rc7 a5 30. Rc6 Nc8 31. Kf1 h5 32. Ke2 Ke8 33. Nb5 Ke7 34.
Rc7+ Kf6 35. Nd4 g6 36. f4 Re8 37. Kd3 Kg7 38. e4 Nd6 39. e5 Nf5 40. Nxf5+ gxf5
41. Kc4 Re6 42. Kb5 Rg6 43. Rc2 h4 44. Ka6 Re6 45. Rd2 Rc6 46. Kb5 Rg6 47. Rb2
Re6 48. Rc2 Rg6 49. Re2 Re6 50. Rb2 Rh6 51. Ka6 Rg6 52. e6 Rxe6 53. Rxb6 Re4 54.
Kxa5 Rxf4 55. Rb2 Re4 56. Kb5 Re5+ 57. Kc6 Re6+ 58. Kd5 Kf6 59. Ra2 f4 60. a5 1-0

[Event "16th Sants Open 2014"]
[Site "Barcelona ESP"]
[Date "2014.08.30"]
[Round "9.3"]
[White "Bogner, Sebastian"]
[Black "Aroshidze, Levan"]
[Result "1/2-1/2"]
[WhiteTitle "GM"]
[BlackTitle "GM"]
[WhiteElo "2603"]
[BlackElo "2539"]
[WhiteFideId "4692055"]
[BlackFideId "13601865"]
[EventDate "2014.08.22"]

1. d4 Nf6 2. c4 e6 3. Nf3 b6 4. g3 Bb7 5. Bg2 Be7 6. O-O O-O 7. Re1 a5 8. Nc3
Ne4 9. Qc2 Nxc3 10. bxc3 d6 11. e4 Nd7 12. Bf4 a4 13. Rab1 Ra5 14. Be3 Nf6 15.
Bc1 Qa8 16. Nd2 Nd7 17. Ba3 Re8 18. Bh3 c5 19. d5 Bd8 20. f4 Bc7 21. Nf3 Nf8 22.
Kf2 Ra7 23. Bc1 Ra5 24. Ba3 Ra7 25. Bf1 f5 26. exf5 exd5 27. Rxe8 Qxe8 28. Rd1
Qa8 29. Ng5 Bd8 30. Qd2 d4 31. cxd4 Bf6 32. d5 Bd4+ 33. Kg2 b5 34. Bb2 bxc4 35.
Bxd4 Bxd5+ 36. Kf2 cxd4 37. Qxd4 Ra5 38. Bxc4 Bxc4 39. Qxc4+ d5 40. Qc7 Ra7 41.
Qc5 Ra5 42. Qb6 Ra6 43. Qd4 h6 44. Nf3 Rd6 45. Qc5 Qd8 46. Ne5 Nh7 47. Rc1 Qf6
48. Qxd6 Qxd6 49. Rc8+ Qf8 50. Rxf8+ Kxf8 51. Ke3 Ke7 52. Kd4 Kd6 53. Nd3 Nf6
54. a3 h5 55. Ne5 Ng4 56. h3 Nf2 57. Nd3 Ne4 58. g4 hxg4 59. hxg4 Nd2 60. Kc3
Nc4 61. Kb4 Ne3 62. Nf2 d4 63. Kxa4 d3 64. Kb5 d2 65. Ne4+ Kd5 66. Nxd2 Nxg4 67.
a4 Ne3 68. a5 Nxf5 69. a6 Nd6+ 70. Kb6 g6 71. Nb1 Nc8+ 72. Kc7 Na7 73. Nc3+ Kc5
74. Kb7 Nc6 75. Ne4+ Kb5 76. Nd6+ Kc5 77. Nf7 Kb5 78. Ne5 Na5+ 79. Ka7 Nb3 80.
Nxg6 Nc5 81. f5 Nxa6 82. f6 Nc5 83. f7 Ne6 84. Kb7 Nd8+ 1/2-1/2

[Event "16th Sants Open 2014"]
[Site "Barcelona ESP"]
[Date "2014.08.30"]
[Round "9.4"]
[White "Graf, Felix"]
[Black "Vocaturo, Daniele"]
[Result "1/2-1/2"]
[BlackTitle "GM"]
[WhiteElo "2479"]
[BlackElo "2587"]
[WhiteFideId "24608904"]
[BlackFideId "813192"]
[EventDate "2014.08.22"]

1. d4 Nf6 2. c4 g6 3. f3 Bg7 4. e4 O-O 5. Ne2 d6 6. Be3 Nc6 7. Nbc3 a6 8. Qd2
Na5 9. Nc1 Nd7 10. b4 Nc6 11. Rb1 e5 12. d5 Nd4 13. Nb3 Nxb3 14. Rxb3 a5 15. a3
axb4 16. axb4 Ra1+ 17. Rb1 Rxb1+ 18. Nxb1 f5 19. Nc3 Nf6 20. exf5 gxf5 21. Be2
Qe8 22. O-O Qg6 23. Bd3 Bd7 24. c5 Kh8 25. Kh1 Qh5 26. b5 dxc5 27. Bxc5 Re8 28.
Re1 b6 29. Bf2 Bh6 30. Be3 Bf8 31. Bg5 Ng8 32. g4 fxg4 33. Ne4 gxf3 34. Rg1 Bg7
35. d6 cxd6 36. Bc4 Be6 37. Nxd6 Bxc4 38. Nxc4 Rf8 39. Be3 Bh6 40. Bxh6 Nxh6 41.
Qd6 Qf7 42. Qxe5+ Qf6 43. Rf1 Qxe5 44. Nxe5 Rf5 45. Nxf3 Rxb5 46. Nd4 Rb2 47.
Ne6 b5 48. Rf8+ Ng8 49. Rf7 Re2 50. Nd4 Re7 1/2-1/2

[Event "16th Sants Open 2014"]
[Site "Barcelona ESP"]
[Date "2014.08.30"]
[Round "9.5"]
[White "Kraemer, Martin"]
[Black "Lyrberg, Patrik"]
[Result "1/2-1/2"]
[WhiteTitle "GM"]
[BlackTitle "IM"]
[WhiteElo "2546"]
[BlackElo "2444"]
[WhiteFideId "4671910"]
[BlackFideId "1701975"]
[EventDate "2014.08.22"]

1. e4 e6 2. d4 d5 3. Nc3 dxe4 4. Nxe4 Bd7 5. Nf3 Bc6 6. Bd3 Nd7 7. O-O Ngf6 8.
Ng3 Be7 9. Re1 O-O 10. c3 b5 11. Qe2 a6 12. Bf4 Bxf3 13. Qxf3 Nd5 14. Nf5 Nxf4
15. Nxe7+ Qxe7 16. Qxf4 c5 17. d5 e5 18. d6 Qxd6 19. Bxh7+ Kxh7 20. Qf5+ g6 21.
Qh3+ Kg7 22. Rad1 Qf6 23. Rxd7 Rad8 24. Red1 e4 25. Qg4 Rfe8 26. h3 e3 27. fxe3 1/2-1/2

[Event "16th Sants Open 2014"]
[Site "Barcelona ESP"]
[Date "2014.08.30"]
[Round "9.6"]
[White "Gomez Garrido, Camilo Ernesto"]
[Black "Granda Zuniga, Julio E"]
[Result "0-1"]
[WhiteTitle "IM"]
[BlackTitle "GM"]
[WhiteElo "2496"]
[BlackElo "2663"]
[WhiteFideId "3507904"]
[BlackFideId "3800024"]
[EventDate "2014.08.22"]

1. e4 e5 2. Nf3 Nc6 3. d4 exd4 4. Nxd4 Nf6 5. Nxc6 bxc6 6. e5 Qe7 7. Qe2 Nd5 8.
c4 Ba6 9. Nd2 Nf4 10. Qe4 Ne6 11. b3 g6 12. Nf3 Bg7 13. Be2 O-O 14. O-O d5 15.
exd6 cxd6 16. Rb1 Bb7 17. Qc2 c5 18. Be3 Rae8 19. Rfe1 f5 20. Rbd1 g5 21. h3 g4
22. hxg4 fxg4 23. Nh2 g3 24. Nf3 Nd4 25. Bxd4 Bxd4 26. Rxd4 cxd4 27. Bf1 d3 28.
Qd2 Qxe1 29. Nxe1 gxf2+ 30. Qxf2 Rxf2 31. Kxf2 d2 0-1